| 000 | 00000nam##2200000za#4500 |
| 001 | 9.663144 |
| 003 | CaOODSP |
| 005 | 20210615120917 |
| 007 | ta |
| 008 | 150407|2001||||xxc||||| f|0| 0 fre|d |
| 020 | |a0-662-66025-0 |
| 040 | |aCaOODSP|bfre |
| 041 | |aeng |
| 041 | |afre |
| 043 | |an-cn--- |
| 086 | 1 |aH49-143/2001 |
| 110 | 1 |aCanada. |bDirection générale des produits de santé et des aliments. |
| 245 | 10|aLes jus de fruit non pasteurisés : |bconnaissez ce que vous buvez |
| 260 | |aOttawa - Ontario : |bSanté Canada. |c2001. |
| 546 | |aBilingue |
| 563 | |aDépliant |
| 590 | |a01-38|b2001-09-21 |
| 691 | 07|aSécurité alimentaire|2gcpds |
| 691 | 07|aProduit agro-alimentaire|2gcpds |
| 776 | 0#|tUnpasteurized fruit juices and cider : |w(CaOODSP)9.675629 |
| 791 | |tUnpasteurized fruit juices and cider : |eeng|w(CaOODSP)9.663143 |